| 000 | 00594nam a2200193Ia 4500 | ||
|---|---|---|---|
| 003 | GCL | ||
| 008 | 140319s9999 xx 000 0 ara d | ||
| 040 |
_aGCL / _cGCL |
||
| 082 | 0 | 4 |
_a301.412 _bم م |
| 100 | 1 | _aمى غصوب | |
| 245 | 1 | 0 |
_aالمرأة العربية وذكورية الأصالة / _cمى غصوب |
| 260 |
_a[S.N] : _bدار الساقى ، _c1991 |
||
| 300 | _a70 ص | ||
| 490 |
_aبحوث اجتماعية _v0 |
||
| 650 | 0 | 4 | _aالعالم العربى |
| 650 | 0 | 4 | _aالمرأة فى الحياة العامة |
| 650 | 0 | 4 | _aحقوق الانسان |
| 942 |
_2ddc _cBK |
||
| 999 |
_c28092 _d28092 |
||